|
|
|
|
| LEADER |
00913nam a2200205 a 4500 |
| 008 |
091123r19991961ii b 001 0 eng d |
| 020 |
|
|
|a 8121904552
|
| 040 |
|
|
|a DLC
|c DLC
|d DLC
|d BD-DhAAL
|
| 082 |
0 |
0 |
|a 330.09
|2 17
|
| 100 |
1 |
|
|a Srivastava, Shri Krishna.
|
| 245 |
1 |
0 |
|a History of economic thought /
|c by S. K. Srivastava.
|
| 260 |
|
|
|a New Delhi :
|b S. Chand,
|c 1961 [reprinted 1999].
|
| 300 |
|
|
|a xvi, 660 p. ;
|c 22 cm.
|
| 504 |
|
|
|a Includes bibliographies.
|
| 541 |
1 |
|
|e 00011063
|
| 650 |
|
0 |
|a Economics
|x History.
|
| 852 |
4 |
|
|a Ayesha Abed Library
|j General shelf
|
| 999 |
|
|
|c 7914
|d 7914
|
| 952 |
|
|
|0 0
|1 0
|2 ddc
|4 0
|6 330_090000000000000_SRI_1999
|7 0
|9 8878
|a BRACUL
|b BRACUL
|c GEN
|d 2010-03-30
|l 3
|m 7
|o 330.09 SRI
|p 3010011063
|r 2016-12-08
|s 2016-12-04
|t 1
|w 2010-03-30
|y BK
|
| 952 |
|
|
|0 0
|1 0
|2 ddc
|4 0
|6 330_090000000000000_SRI_1999
|7 0
|9 8879
|a BRACUL
|b BRACUL
|c GEN
|d 2010-03-30
|l 3
|m 10
|o 330.09 SRI
|p 3010010947
|r 2026-01-10
|s 2025-11-30
|t 2
|w 2010-03-30
|y BK
|